Регионална библиотека "Любен Каравелов" - Русе

Смирено (Запис номер 512280)

MARC детайли
000 -Лидер
Лидер 00926nam a2200265 a 4500
003 - Код на организацията, давaща контролен номер
Код на организацията, даваща контролен номер BLK
005 - Дата и час на последна редакция
Дата и час на последна редакция 20240618101630.0
007 - Фиксирано поле за физическо описани
Физическо описание ta
008 - Елементи от данни с фиксирана дължина
Елементи с фиксирана дължина 221104b bu |||||r|||| 00| | bu d
020 ## - Международен стандартен номер на книга ISBN
ISBN 9786191868551
040 ## - Източник на каталожния запис
Код на библиотеката BLK
041 ## - Код за език
Език Български
Език за КДБФ Български
080 ## - УДК
9 (RLIN) 227592
УДК текст Българска литература
УДК код 821.163.2
УДК – определител -1
УДК – код + определител 821.163.2-1
100 ## - Редна дума - Автор
R(LIN) 296421
Автор Краевски, Петър Иванов
245 ## - Сведения за заглавието
Заглавие Смирено
Авторска отговорност Петър Краевски ; ил. Иван Краевски
260 ## - Област на издателските данни
9 (RLIN) 209682
Място на издаване Пловдив
Име на издателя Жанет 45
Година на издаване 2023
300 ## - Физическа характеристика
Брой страници 106 с.
Илюстрации с ил.
Размер 20 см
380 ## - Жанр
Жанр Худож. лит.
500 ## - Общи забележки
Обща забележка Биогр. данни за авт. отбелязани на гърба на кор.
700 ## - Други автори (авторска отговорност)
9 (RLIN) 493172
Друг автор Краевски, Иван
852 ## - Местоположение
Сигнатура (форматна) Цб 323301
Отдел Хранилище
856 ## - Електронен адрес и достъп
Инструкция (цена за достъп) 0.00
Права за достъп disable
942 ## - АРТИКУЛИ
Вид на библиотечния документ Книги
Скрит в OPAC Не
944 ## - СЪЗДАВАНЕ И РЕДАКЦИЯ на ЗАПИСА
Дата на регистрацията/редакция Кети Илиева
Служител, извършил регистрацията/редакцията 30550
Номер на служител Кети Илиева
999 ## - СИСТЕМНИ КОНТРОЛНИ НОМЕРА
Koha biblionumber 512280
Koha biblioitemnumber 512280
Наличности
Код за отписване Код за изгубен артикул Източник на класификационната схема Код за повреда Коз за рестрикции Код за отдаване Артикулен № Име на библиотеката - собственик Име на библиотеката, в която се намира в момента Статус (Текущо местоположение) Дата на вписване в системата Местоположение - отдел Цена в лева Инвентарен номер Систематично азбучна сигнатура Баркод Цена в евро Служебен тип на артикула
  Не е изгубен Universal Decimal Classification Не е повреден само за читалня ползва се в читалня 944699 Регионална библиотека "Любен Каравелов" Русе Регионална библиотека "Любен Каравелов" Русе Хранилище 2024-07-01 Хранилище 15.00 120000909817 Цб 323301 120000909817 7.67 Книги
Vip Innovations Ltd, Rousse, Bulgaria 2025